00370nam a2200133 a 450000500170000000800410001702000180005805000170007610000190009324500620011226000280017444000160020265000180021820140412111407.0070817s19uu xx 00 eng d a0-307-10014-6 aERbOn2 1994 aKorman, Justin a101 Dalmatians :bPongo to the rescue! /cJustine Korman. aU.S.A :bGolden,c1994. aWalt disney aDogsxfiction